Criminal procedure and Practice in Ghana (Record no. 4814)

MARC details
000 -LEADER
fixed length control field 00900nam a22001697a 4500
020 ## - INTERNATIONAL STANDARD BOOK NUMBER
ISBN 9789988280543
050 ## - CALL NUMBER
Classification number KRX4610
Item number .Ad4
100 ## - AUTHOR
Personal name Adjei, Dennis Dominic
245 ## - TITLE
Title Criminal procedure and Practice in Ghana
Statement of responsibility, etc Dennis Dominic Adjie
260 ## - PUBLICATION INFORMATION
Name of publisher G- PAK LTD
Year of publication 2018
300 ## - DESCRIPTION
Number of Pages xxix,484p.:
Dimensions 24cm.
500 ## - NOTES
General note Includes index.
505 ## - FORMATTED CONTENTS NOTE
Table of Content Overview<br/>Preliminary matters in criminal proceedings<br/>Peace and order<br/>Exemptions and Venue<br/>Institution of criminal proceedings<br/>Warrant<br/>Bail and recognisances<br/>Evidence gathering in criminal trials<br/>Joinder of Accused and preparation of charge sheet<br/>Pre- Trial procedings and fair trial principles<br/>Defence and results<br/>Committal and anciliary proceedings<br/>Trial on indictment<br/>Sentencing<br/>Juvenile Justice<br/>Corrective procedings
650 ## - SUBJECTS
Topical Term Criminal procedure -- Ghana.
General subdivision Criminal procedure.
650 ## - SUBJECTS
Topical Term Ghana.
942 ## - ADDED ENTRY ELEMENTS (KOHA)
Koha item type Books
Holdings
Withdrawn status Lost status Collection code Home library Current library Shelving location Date acquired Source of acquisition Full call number Accession Number Koha item type
    Reference Methodist University Law Library Methodist University Law Library General Stacks   Legon Book Shop KRX4610.Ad4 5037 Books
    Reference Methodist University Law Library Methodist University Law Library General Stacks 28/08/2019   KRX4610 .Ad4 8013 Books
    Reference Methodist University Law Library Methodist University Law Library General Stacks 28/08/2019 Donation KRX4610 .Ad4 8171 Books
Copyright © 2026  MUG Library